1942 1969 1853 1291 1410 1941 1712 1099 1756 1372 1070 1096 1911 1402 1919 1019 1308 1372 1173 1858 1379 1049 1164 1710 1495 1406 1511 1902 1282 1613 1863 1060 1620 1332 1094 1376 1988 1565 1574 1071 1357 1636 1981 1290 1841 1464 1534 1875 1956 1948 1396 1524 1749 1535 1363 1392 1085 1589 1565 1329 1782 1108 1316 1470 1189 1322 1741 1969 1935 1813 1111 1019 1233 1262 1487 1203 1384 1585 1294 1973 1473 1067 1140 1704 1540 1374 1721 1848 1001 1752 1701 1758 1266 1785 1398 1042 1051 1084 1146 BCNSPRNW ULIB Ver.6.0+V

เปลี่ยนเป็นภาษาไทย

Change to English
 แสดงรายละเอียดบรรณานุกรม
  กลับหน้าหลัก

Brief Record : Get Marc (ISO 2709) : E-mail record : QR code < ปิดหน้าต่าง
LEADER : 00000nam 2200000uu 4500
001    13399120625
003     ULIB
008    120928s2547||||th 000 0 tha d
020    ^a9749717341
060 04 ^aWY152^bส236ก 2547
100 0  ^aสมจินต์ เพชรพันธุ์ศรี
245 10 ^aการพยาบาลเพื่อการฟื้นฟูสภาพ :^bประยุกต์ใช้ในผู้สูงอายุ /^cสมจินต์ เพชรพันธุ์ศรี, ถนอมขวัญ ทวีบูรณ์
250    ^a พิมพ์ครั้งที่ 1
260    ^a กรุงเทพฯ :^bศุภวนิชการพิมพ์,^c2547
300    ^a 126 หน้า ;^c30 ซม.
650  7 ^aการพยาบาลเวชศาสตร์วัยชรา
650  7 ^aการฟื้นฟูสมรรถภาพ
650  7 ^aผู้สูงอายุ
700 0  ^aถนอมขวัญ ทวีบูรณ์
995    ^a วิภา
999 ^a ใช้งานได้ทุกระบบ
รายการนี้ยังไม่มีแท็ก
คุณยังไม่ได้ล็อกอิน คุณสามารถมีกิจกรรมร่วมกับเว็บไซต์ได้ แต่ต้องล็อกอินก่อน ::
  ล็อกอิน

รายการสื่อสารสนเทศ

ลำดับที่ ประเภท เลขเรียก/บาร์โค้ด สถานที่ สถานะ
- ไม่พบข้อมูล -

รายการใกล้เคียง
    ผู้แต่ง [สมจินต์ เพชรพันธุ์ศรี]

    หัวเรื่อง [การพยาบาลเวชศาสตร์วัยชรา]
    หัวเรื่อง [การฟื้นฟูสมรรถภาพ]
    หัวเรื่อง [ผู้สูงอายุ]

BibComment


ยังไม่เคยถูกคอมเมนท์

คอมเมนท์ทรัพยากรรายการนี้
  คอมเมนท์: การพยาบาลเพื่อกา..


 Copyright 2026. Bcnsprnw @Library